• 首页
  • 本馆介绍
  • 公告通知
  • 最新文献
  • 馆藏检索
  • 电子资源
  • 读者导购
  • 参考咨询
  • 我的图书馆
  • 登录
  • 详细信息显示
  • 放入我的书架
  • 预约/预借图书
  • 作者相关作品
  • 分类相关作品
  • 丛书相关作品
  • 出版社相关作品

书目信息

  • 表格格式
  • 工作单格式
  • 卡片格式
题名:
文心雕龙
    
 
作者: 顾豫葭 选编
分册:  
出版信息: 天津   天津人民出版社  2018
页数: 394页
开本: 24cm
丛书名: 国学精粹
单 册:
中图分类: I206.391
科图分类:
主题词: 中国文学--Zhong Guo Wen Xue--文学理论--南朝时代
电子资源:
ISBN: 978-7-201-12785-9
000 00972nam 2200289 450
001 012001006762
005 20140101153057.0
010    @a978-7-201-12785-9@dCNY49.80
099    @aCAL 012019057607
100    @a20190506d2018 em y0chiy50 ea
101 0  @achi
102    @aCN@b120000
105    @ay z 000yy
106    @ar
200 1  @a文心雕龙@AWen Xin Diao Long@f顾豫葭选编
210    @a天津@c天津人民出版社@d2018
215    @a394页@d24cm
225 2  @a国学精粹@AGuo Xue Jing Cui
330    @a本书对《文心雕龙》的原文进行了详细的注释和解读。《文心雕龙》全书分50篇,内容丰富,见解卓越,皆“言为文之用心”,全面而系统地论述了写作上的各种问题。
333    @a国学爱好者
410  0 @12001 @a国学精粹
605    @a《文心雕龙》@A《Wen Xin Diao Long》@x译文
606 0  @a中国文学@AZhong Guo Wen Xue@x文学理论@z南朝时代
690    @aI206.391@v5
701  0 @a顾豫葭@AGu Yu Jia@4选编
801  0 @aCN@b上海新华@c20191020
905    @b1132205-8@dI206.391@e357@f4
    
    文心雕龙/顾豫葭选编.-天津:天津人民出版社,2018
    394页;24cm.-(国学精粹)
    使用对象:国学爱好者
    
    ISBN 978-7-201-12785-9:CNY49.80
    本书对《文心雕龙》的原文进行了详细的注释和解读。《文心雕龙》全书分50篇,内容丰富,见解卓越,皆“言为文之用心”,全面而系统地论述了写作上的各种问题。
●
相关链接 在E读中查询图书 在五车中查询图书 在当当中查询图书 在豆瓣中查询图书


正题名:文心雕龙     索取号:I206.391/357         预约/预借

序号 登录号 条形码 馆藏地/架位号 状态 备注
1 1132205   211322059   第一样本阅览室/ [索取号:I206.391/357] 在馆    
2 1132206   211322068   第二借阅区/ [索取号:I206.391/357] 在馆    
3 1132207   211322077   第二借阅区/ [索取号:I206.391/357] 在馆    
4 1132208   211322086   第二借阅区/ [索取号:I206.391/357] 在馆    
唐山师范学院图书馆 欢迎您!
大连网信软件有限公司© 版权所有